| 000 | 01160nmm a2200433 a 4500 | ||
|---|---|---|---|
| 003 | AR-BaBNM | ||
| 005 | 20251128204550.0 | ||
| 008 | 011101s1991 ||||||||||||||000 | spa|| | ||
| 020 | _a950-9129-55-2 | ||
| 040 | _cAR-BaBNM | ||
| 100 | 1 | _aRébori, Blanca | |
| 245 | 1 | 0 | _aLa tierra sin mal |
| 260 |
_aBuenos Aires _bLugar editorial _c1991 |
||
| 300 |
_a157 p. _bil., láms. |
||
| 650 | 4 | _aANTROPOLOGIA CULTURAL Y SOCIAL | |
| 650 | 4 | _aABORIGENES ARGENTINOS | |
| 650 | 4 | _aTOBAS | |
| 650 | 4 | _aGUARANIES | |
| 650 | 4 | _aHISTORIA | |
| 650 | 4 | _aCOSTUMBRES Y TRADICIONES | |
| 650 | 4 | _aCULTURAS POPULARES | |
| 650 | 4 | _aCULTURAS TRADICIONALES | |
| 650 | 4 | _aMUSICA POPULAR | |
| 650 | 4 | _aMUSICA FOLKLORICA | |
| 650 | 4 | _aCANCIONES FOLKLORICAS | |
| 650 | 4 | _aINVESTIGACION CULTURAL | |
| 650 | 4 | _aETNOLOGIA | |
| 650 | 4 | _aIDENTIDAD CULTURAL | |
| 650 | 4 | _aTESTIMONIOS | |
| 650 | 4 | _aLITERATURA FOLKLORICA | |
| 650 | 4 | _aBRUJERIA | |
| 651 | 4 | _aArgentina | |
| 651 | 4 | _aRegión Nordeste | |
| 651 | 4 | _aRegión Pampeana | |
| 700 | 1 |
_aBiazzi, Miguel Angel _eilustrador |
|
| 700 | 1 |
_aCopello, Mónica _ecolaborador |
|
| 942 | _cBK | ||
| 998 | _cEthel | ||
| 999 |
_c7947 _d7947 |
||